书目信息 |
| 题名: |
工业与组织心理学
|
|
| 作者: | 阿莫特 著 ;丁丹 , 武琳 , 邵燕萍 译 | |
| 分册: | ||
| 出版信息: | 北京 中国轻工业出版社 2011 |
|
| 页数: | 18,528页 | |
| 开本: | 26cm | |
| 丛书名: | ||
| 单 册: | ||
| 中图分类: | F406.13 | |
| 科图分类: | ||
| 主题词: | 工业心理学--组织心理学 | |
| 电子资源: | ||
| ISBN: | 978-7-5019-7868-7 | |
| 000 | 01091nam0 2200277 450 | |
| 001 | 1574154679 | |
| 005 | 20150118203820.93 | |
| 010 | @a978-7-5019-7868-7@dCNY65.00 | |
| 100 | @a20110117d2011 em y0chiy50 ea | |
| 101 | 1 | @achi@ceng |
| 102 | @aCN@b110000 | |
| 105 | @ay z 000yy | |
| 200 | 1 | @a工业与组织心理学@9gong ye yu zu zhi xin li xue@dIndustrial/organizational psychology@f(美)Michael G. Aamodt著@g丁丹,武琳,邵燕萍译@zeng |
| 210 | @a北京@c中国轻工业出版社@d2011 | |
| 215 | @a18,528页@d26cm | |
| 305 | @a由圣智学习出版公司授权出版 据原书第6版译出 | |
| 330 | @a本书详尽阐述了工作分析与评估、员工选拔、培训系统的设计与评估、员工激励、工作满意度与组织承诺、组织沟通、领导、组织行为与冲突以及工作压力管理等。 | |
| 510 | 1 | @aIndustrial/organizational psychology@zeng |
| 606 | 0 | @a工业心理学@x组织心理学 |
| 690 | @aF406.13@v5 | |
| 701 | 0 | @c(美)@a阿莫特@9a mo te@c(Aamodt, Michael G.)@4著 |
| 702 | 0 | @a丁丹@9ding dan@c(女,管理咨询)@4译 |
| 702 | 0 | @a武琳@9wu lin@4译 |
| 702 | 0 | @a邵燕萍@9shao yan ping@4译 |
| 801 | 0 | @aCN@bTSSF@c20150118 |
| 905 | @aZUCC@dF406.13@eJY2 | |
| 工业与组织心理学=Industrial/organizational psychology/(美)Michael G. Aamodt著/丁丹,武琳,邵燕萍译.-北京:中国轻工业出版社,2011 |
| 18,528页;26cm |
| ISBN 978-7-5019-7868-7:CNY65.00 |
| 本书详尽阐述了工作分析与评估、员工选拔、培训系统的设计与评估、员工激励、工作满意度与组织承诺、组织沟通、领导、组织行为与冲突以及工作压力管理等。 |
| ● |
| 相关链接 |
|
|
|
|
正题名:工业与组织心理学
索取号:F406.13/JY2
 
预约/预借
| 序号 | 登录号 | 条形码 | 馆藏地/架位号 | 状态 | 备注 |
| 1 | 7849289 | 278492891 | 学院路分馆/ [索取号:F406.13/JY2] | 在馆 | |
| 2 | 7849290 | 278492908 | 学院路分馆/ [索取号:F406.13/JY2] | 在馆 |